000 00680nab a2200229 a 4500
001 57412
003 128642
005 20201118103323.0
008 ||||||n9999 ||| || ||
041 _aspa
245 0 _aMecanismos de apoyo financiero a la Pyme, avances del IFI en fomento integral del sector
260 _aBogotá :
_bMedios & Medios Editores,
_c1998.
300 _app.13-15
562 _e0
650 _aCOLOMBIA
650 _aCREDITO DE FOMENTO
650 _aFOMENTO INDUSTRIAL
650 _aPEQUEÑA Y MEDIANA EMPRESA
650 _aPROGRAMA DE FINANCIAMIENTO
773 _055449
_aRevista Integracion Financiera - Vol.14 No.89 (1998)
942 _cSART
999 _c57412
_d57412